• 首页
  • 本馆介绍
  • 公告通知
  • 最新文献
  • 馆藏检索
  • 电子资源
  • 读者导购
  • 参考咨询
  • 我的图书馆
  • 登录
  • 详细信息显示
  • 放入我的书架
  • 预约/预借图书
  • 作者相关作品
  • 分类相关作品
  • 丛书相关作品
  • 出版社相关作品

书目信息

  • 表格格式
  • 工作单格式
  • 卡片格式
题名:
国外音响集成电路集锦
    
 
作者: 梁沛杰 编
分册:  
出版信息: 上海   上海科学技术文献出版社  1996.10
页数: 636页
开本: 32开
丛书名:
单 册:
中图分类: TN912.271-64
科图分类:
主题词: 电声技术 , 语音数据处理
电子资源:
ISBN: 7-5439-0978-2
000 00658nam0 2200217 45
001 0105161036
005 20031219104049.7
010    @a7-5439-0978-2@b精装@dCNY35.00
100    @a20010516d1996 km y0chiy0120 ea
101 0  @achi
105    @aa z 000yy
200 1  @a国外音响集成电路集锦@AGuo Wai Yin Xiang Ji Cheng Dian Lu Ji Jin@f梁沛杰编@FLiang Pei Jie Bian
210    @a上海@c上海科学技术文献出版社@d1996.10
215    @a636页@d32开
320    @a书末附电路型号索引
606 0  @a电声技术
606 0  @a语音数据处理
690    @aTN912.271-64@v4
701    @a梁沛杰@4编
801    @aCN@bTSTC@c20010516
905    @a213230@b297042-044@dTN912.271-64@e34@f3
    
    国外音响集成电路集锦/梁沛杰编.-上海:上海科学技术文献出版社,1996.10
    636页;32开
    
    
    ISBN 7-5439-0978-2(精装):CNY35.00
    
●
相关链接 在E读中查询图书 在五车中查询图书 在当当中查询图书 在豆瓣中查询图书


正题名:国外音响集成电路集锦     索取号:TN912.271-64/34         预约/预借

序号 登录号 条形码 馆藏地/架位号 状态 备注
1 0297042   202970428   第三借阅区/ [索取号:TN912.271-64/34] 在馆    
2 0297043   202970437   第三借阅区/ [索取号:TN912.271-64/34] 在馆    
3 0297044   202970446   第二样本阅览室/ [索取号:TN912.271-64/34] 在馆    
唐山师范学院图书馆 欢迎您!
大连网信软件有限公司© 版权所有